Представление документа в формате MARC21

ПолеНазваниеЗначение
  Тип записи a
  Библиографический уровень m
001 Контрольный номер RU\infra-m\znanium\bibl\2234231
005 Дата корректировки 20260429142238.5
008 Кодируемые данные 260120s2025 RU g rus u
020 Индекс ISBN __
a ISBN 978-5-9614-5231-0
040 Источник каталогиз. __
a Служба первич. каталог. Общество с ограниченной ответственностью «ЗНАНИУМ»
041 Код языка издания __
a Код языка текста rus
044 Код страны публикации __
a Код страны публикации RU
080 Индекс УДК __
a Индекс УДК 3367
084 Индекс другой классификации/Индекс ББК __
2 Источник индекса rubbk
a Индекс другой классификации/Индекс ББК 65
084 Индекс другой классификации/Индекс ББК __
2 Источник индекса okso
a Индекс другой классификации/Индекс ББК 38.03.01
100 Автор __
a Автор Нисон С.
q Полное имя Нисон Стив
245 Заглавие __
a Заглавие Японские свечи : Графический анализ финансовых рынков
b Продолж. заглавия Практическое пособие
250 Сведения об издании __
a Основные сведения об издании 1
260 Выходные данные __
a Место издания Москва
b Издательство ООО "Альпина Паблишер"
c Дата издания 2026
300 Физическое описание __
a Объем 296 с.
520 Аннотация __
a Аннотация Умение «читать» свечные графики — ценнейший навык для любого человека торгующего на бирже или на валютном рынке Forex. По форме отдельной свечи моменту ее возникновения и комбинации которую она образует с соседними элементами можно с высокой вероятностью предсказывать дальнейшие движения рынка выявлять точки разворота трендов находить подтверждения сигналам других индикаторов а значит заключать сделки именно тогда когда это нужно избегая ошибок. И в этом нет никакой магии — лишь вековые наблюдения за психологией трейдеров. Когда-то Стив Нисон первым в доступной форме и с многочисленными примерами рассказал западному миру о японских свечах. Перед вами обновленное издание его классической книги адресованной как новичкам в трейдинге так и профессионалам.
521 Примеч. о цел. назн. __
a Примеч. о целев. назн. Дополнительное профессиональное образование
650 Тематические рубрики __
a Основная рубрика Экономика. Бухгалтерский учет. Финансы
x Основная подрубрика Ценные бумаги. Биржевое дело
655 Указ. предметных рубрик (устаревшее) __
a Жанр/ форма (устаревшее) Практическое пособие
856 Электронный адрес документа 4_
a Имя сервера/домена znanium.ru
m Помощь ebs_support@infra-m.ru
n Местонахождение сервера НИЦ ИНФРА-М
u URL https://znanium.ru/catalog/document?id=473054
856 Электронный адрес документа 48
a Имя сервера/домена znanium.ru
d Путь /cover/2234
f Электронное имя 2234231.jpg
q Тип электронного формата image/jpeg
u URL https://znanium.ru/cover/2234/2234231.jpg
911 __
u 0030=https://znanium.ru/catalog/document?id=473054